The Clean Water Act after 37 years : recommitting to the protection of the nations' waters : hearing before the Committee on Transportation and Infrastructure, House of Representatives, One Hundred Eleventh Congress, first session, October 15, 2009.

Bibliographic Details
Corporate Author: United States. Congress. House. Committee on Transportation and Infrastructure
Format: Government Document eBook
Language:English
Published: Washington : U.S. G.P.O., 2009.
Subjects:
Online Access:https://purl.fdlp.gov/GPO/LPS122689

MARC

Tag First Indicator Second Indicator Subfields
LEADER 00000cam a2200000 a 4500
001 in00002579679
005 20211202193659.0
006 m d f
007 cr bn|||||||||
008 100602s2009 dcua sb f000 0 eng c
035 |a (OCoLC)ocn636095109 
040 |a GPO  |c GPO  |d MvI  |d UtOrBLW 
042 |a pcc 
043 |a n-us--- 
049 |a WWW 
050 1 4 |a KF27  |b .P896 2009i 
074 |a 1024-C-01 (online) 
086 0 |a Y 4.T 68/2:111-70 
110 1 |a United States.  |b Congress.  |b House.  |b Committee on Transportation and Infrastructure. 
245 1 4 |a The Clean Water Act after 37 years :  |b recommitting to the protection of the nations' waters : hearing before the Committee on Transportation and Infrastructure, House of Representatives, One Hundred Eleventh Congress, first session, October 15, 2009. 
264 1 |a Washington :  |b U.S. G.P.O.,  |c 2009. 
300 |a 1 online resource (xii, 221 pages) :  |b illustrations 
336 |a text  |b txt  |2 rdacontent 
337 |a computer  |b c  |2 rdamedia 
338 |a online resource  |b cr  |2 rdacarrier 
500 |a Title from title screen (viewed on June 2, 2010). 
504 |a Includes bibliographical references. 
500 |a "111-70." 
500 |a Electronic resource. 
610 1 0 |a United States.  |t Federal Water Pollution Control Act Amendments of 1972. 
650 0 |a Water quality management  |z United States. 
650 0 |a Water  |x Pollution  |x Law and legislation  |z United States. 
650 0 |a Intergovernmental cooperation  |z United States. 
776 0 8 |i Print version:  |a United States. Congress. House. Committee on transportation and infrastructure.  |t Clean Water Act after 37 years : recommitting to the protection of the nations' waters  |h xii, 221 p.  |w (OCoLC)636093021 
856 4 0 |u https://purl.fdlp.gov/GPO/LPS122689  |t 0 
999 |a MARS 
999 f f |s cc4a1535-6674-3dcc-a43b-f836cd2f1564  |i 0ae7fba7-7023-321f-8591-63f32fe42d00  |t 0 
952 f f |a Texas A&M University  |b College Station  |c Electronic Resources  |d Available Online  |t 0  |e Y 4.T 68/2:111-70  |h Superintendent of Documents classification 
998 f f |a Y 4.T 68/2:111-70  |t 0  |l Available Online